[Event "M.Botvinnik Memorial 2012"]
[Site "St. Petersburg, Russia"]
[Date "2012.08.26"]
[Round "2.72"]
[White "Nikitinyh, Boris"]
[Black "Boytsov, Alexander"]
[Result "0-1"]
[WhiteElo "2185"]
[BlackElo "1920"]
[PlyCount "66"]
[EventDate "2012.08.25"]

1. e4 e6 2. d4 d5 3. Nc3 Nf6 4. Bd3 c5 5. exd5 exd5 6. Nf3 Nc6 7. O-O c4 8.
Re1+ Be7 9. Bf1 O-O 10. Ne5 Bb4 11. Bg5 Bxc3 12. bxc3 Qd6 13. Qf3 Ne4 14. Bf4
Nxe5 15. Bxe5 Qg6 16. h3 h5 17. Be2 h4 18. Qe3 Bf5 19. Rab1 b6 20. Bg4 Rfe8 21.
Bxf5 Qxf5 22. f3 Nf6 23. Qf2 g5 24. Re2 Re6 25. f4 Ne4 26. Rxe4 dxe4 27. fxg5
Qxg5 28. Rf1 Rf8 29. Bf6 Qh6 30. Bxh4 e3 31. Qe1 e2 32. Rf3 Qxh4 33. Rg3+ Kh8
0-1

[Event "M.Botvinnik Memorial 2012"]
[Site "St. Petersburg, Russia"]
[Date "2012.08.26"]
[Round "2.73"]
[White "Manin, Viktor"]
[Black "Bezulenko, Evgeny"]
[Result "1-0"]
[WhiteElo "2181"]
[BlackElo "1915"]
[PlyCount "69"]
[EventDate "2012.08.25"]

1. d4 Nf6 2. g3 e6 3. c4 Bb4+ 4. Nd2 Ne4 5. Ngf3 b6 6. Bg2 Bb7 7. O-O Nxd2 8.
Bxd2 Be7 9. Qb3 O-O 10. Rac1 d6 11. Rfd1 Nd7 12. Be3 Qc8 13. Qa4 c5 14. b4 cxb4
15. Qxb4 Qc7 16. Bf4 e5 17. dxe5 Nxe5 18. Nd4 Bxg2 19. Kxg2 Qb7+ 20. Kg1 d5 21.
c5 Nc6 22. Qb5 Rac8 23. Nf5 Rfd8 24. cxb6 a6 25. Qb3 Bf8 26. Bc7 Rd7 27. Rxd5
Nb8 28. Rcd1 Rdxc7 29. bxc7 Qxc7 30. Qd3 g6 31. Nd6 Rd8 32. Ne4 Rxd5 33. Qxd5
Qe7 34. Rb1 Nd7 35. Rb7 1-0

[Event "M.Botvinnik Memorial 2012"]
[Site "St. Petersburg, Russia"]
[Date "2012.08.26"]
[Round "2.74"]
[White "Zakharov, Yuri"]
[Black "Balaian, Alina"]
[Result "0-1"]
[WhiteElo "1907"]
[BlackElo "2179"]
[PlyCount "108"]
[EventDate "2012.08.25"]

1. Nf3 c5 2. g3 Nc6 3. Bg2 e5 4. d3 d5 5. Nbd2 Nf6 6. c3 Be7 7. O-O O-O 8. e4
d4 9. cxd4 cxd4 10. Nc4 Qc7 11. a4 Be6 12. b3 Nd7 13. Ng5 Bxc4 14. bxc4 Nb4 15.
Nf3 a5 16. Ne1 Nc5 17. f4 exf4 18. Bxf4 Bd6 19. Bg5 f6 20. Bc1 Qd7 21. Rf5 Rae8
22. Bf1 Re5 23. Rf2 Re7 24. Ng2 Rfe8 25. Nh4 Rf7 26. Nf5 Bf8 27. Rf3 Qd8 28.
Bf4 Kh8 29. Bc1 Nc6 30. Rf2 Ne5 31. Rb2 Qd7 32. Rb5 Nc6 33. Nh4 Na7 34. Rb2 g6
35. Ng2 Na6 36. Nf4 Nb4 37. Bh3 Qc6 38. Nd5 Nc8 39. Rab1 Nb6 40. Nxb6 Qxb6 41.
Rf2 Qc7 42. Qf1 Bg7 43. Bg5 Nxd3 44. Qxd3 fxg5 45. Rfb2 Qc6 46. Bg2 Qxa4 47.
Rxb7 Rxb7 48. Rxb7 Qa1+ 49. Bf1 Rf8 50. Rb5 a4 51. e5 a3 52. Rb1 Qc3 53. e6 a2
54. e7 Re8 0-1

[Event "M.Botvinnik Memorial 2012"]
[Site "St. Petersburg, Russia"]
[Date "2012.08.26"]
[Round "2.75"]
[White "Kiselev, Pavel"]
[Black "Klimentiev, Sergey"]
[Result "1-0"]
[WhiteElo "2179"]
[BlackElo "1896"]
[PlyCount "93"]
[EventDate "2012.08.25"]

1. d4 Nf6 2. Nf3 e6 3. c4 d6 4. Nc3 b6 5. e4 Be7 6. Bd3 O-O 7. O-O Nbd7 8. e5
dxe5 9. dxe5 Ne8 10. Be4 Rb8 11. Qc2 h6 12. Rd1 c6 13. Bxc6 Qc7 14. Bxd7 Bxd7
15. Ne4 Bc6 16. Bf4 Qb7 17. Nfd2 Rd8 18. f3 f6 19. Nb3 f5 20. Nc3 g5 21. Rxd8
Bxd8 22. Bg3 Rf7 23. Nd4 Bd7 24. Rd1 Bc7 25. Qe2 f4 26. Bf2 Ng7 27. Ndb5 Bxb5
28. Nxb5 Ne8 29. b3 Qb8 30. Nxc7 Qxc7 31. Qe4 Rf5 32. Bd4 Qd7 33. Rd2 Nc7 34.
Bc3 Qe7 35. Rd6 Ne8 36. Qc6 Nxd6 37. exd6 Qd8 38. d7 Kf7 39. Qc8 Ke7 40. Bb4+
Rc5 41. Bxc5+ bxc5 42. Qxc5+ Kxd7 43. Qd4+ Kc8 44. Qxd8+ Kxd8 45. Kf2 Kc7 46.
Ke2 Kc6 47. Kd3 1-0

[Event "M.Botvinnik Memorial 2012"]
[Site "St. Petersburg, Russia"]
[Date "2012.08.26"]
[Round "2.76"]
[White "Kamnev, Alexander"]
[Black "Solovjova, Valentina"]
[Result "1-0"]
[WhiteElo "1890"]
[BlackElo "2175"]
[PlyCount "97"]
[EventDate "2012.08.25"]

1. e4 c6 2. d4 d5 3. e5 c5 4. dxc5 e6 5. Be3 Qc7 6. f4 Bxc5 7. Bxc5 Qxc5 8. Qd2
b6 9. Nf3 Ba6 10. Bxa6 Nxa6 11. Nd4 Ne7 12. O-O Nb4 13. c3 Nec6 14. Na3 Nxd4
15. cxd4 Qa5 16. Rfc1 O-O 17. Nc2 Nc6 18. Qxa5 bxa5 19. Kf2 Rfc8 20. Ke3 Rab8
21. Rab1 Kf8 22. Ne1 Ke8 23. Nd3 Nb4 24. Nxb4 axb4 25. Rxc8+ Rxc8 26. Kd3 Ke7
27. Rf1 Rc6 28. b3 f6 29. Kd2 Kf7 30. Rc1 Ra6 31. Rc2 h5 32. Ke3 Kg6 33. g3 Ra3
34. h3 a5 35. g4 hxg4 36. hxg4 a4 37. Rb2 axb3 38. Rxb3 Rxb3+ 39. axb3 f5 40.
Kf3 Kh6 41. gxf5 exf5 42. Kg3 Kh5 43. e6 Kg6 44. e7 Kf7 45. Kh4 Kxe7 46. Kg5
Kf8 47. Kxf5 Kf7 48. Ke5 Kg6 49. Ke6 1-0

[Event "M.Botvinnik Memorial 2012"]
[Site "St. Petersburg, Russia"]
[Date "2012.08.26"]
[Round "2.77"]
[White "Lagashin, Pavel"]
[Black "Kozlov, Mikhail"]
[Result "1-0"]
[WhiteElo "2175"]
[BlackElo "1872"]
[PlyCount "49"]
[EventDate "2012.08.25"]

1. d4 f5 2. e4 fxe4 3. Nc3 Nf6 4. Bg5 Nc6 5. Bxf6 exf6 6. Qh5+ g6 7. Qd5 Ne7 8.
Qxe4 d5 9. Qf3 Bg7 10. O-O-O O-O 11. h4 h5 12. Re1 c6 13. Nh3 Bg4 14. Qd3 Bh6+
15. Kb1 Qd6 16. Be2 Nf5 17. f3 Bxh3 18. Rxh3 Kg7 19. g4 Ng3 20. Bd1 Qf4 21. a3
Rae8 22. Ne2 Nxe2 23. Rxe2 Re3 24. Rxe3 Qxe3 25. g5 1-0

[Event "M.Botvinnik Memorial 2012"]
[Site "St. Petersburg, Russia"]
[Date "2012.08.26"]
[Round "2.78"]
[White "Nikiforov, Vyacheslav"]
[Black "Gladkov, Kirill"]
[Result "0-1"]
[WhiteElo "1880"]
[BlackElo "2158"]
[PlyCount "92"]
[EventDate "2012.08.25"]

1. e4 g6 2. Nf3 Bg7 3. d4 c6 4. Bd3 d6 5. O-O Bg4 6. c3 Nf6 7. h3 Bxf3 8. Qxf3
Nbd7 9. Bf4 O-O 10. Nd2 e5 11. dxe5 Nxe5 12. Bxe5 dxe5 13. Qe2 Nh5 14. g3 Qd7
15. Rad1 Qxh3 16. Qf3 Rad8 17. Nc4 Qe6 18. b3 Bh6 19. Na5 Qc8 20. b4 Rd7 21.
Bc4 Rfd8 22. Bb3 b5 23. Rxd7 Rxd7 24. Kg2 Qc7 25. Rh1 Kg7 26. Rd1 Nf6 27. Rd3
Rd6 28. Kf1 Qd7 29. Ke2 Ne8 30. Bc2 Qc7 31. Nb3 Bg5 32. Nc5 Be7 33. Bb3 Nf6 34.
Qe3 a5 35. a3 axb4 36. axb4 h5 37. Qf3 Rxd3 38. Nxd3 c5 39. bxc5 Bxc5 40. Nxc5
Qxc5 41. Qe3 Qa3 42. Bd5 Nxd5 43. exd5 Qa2+ 44. Qd2 Qxd2+ 45. Kxd2 Kf6 46. Kd3
Ke7 0-1

[Event "M.Botvinnik Memorial 2012"]
[Site "St. Petersburg, Russia"]
[Date "2012.08.26"]
[Round "2.79"]
[White "Pischikov, Vadim"]
[Black "Glazov, Anatoly"]
[Result "1-0"]
[WhiteElo "2158"]
[BlackElo "1856"]
[PlyCount "49"]
[EventDate "2012.08.25"]

1. Nf3 d5 2. c4 c6 3. e3 Bg4 4. cxd5 cxd5 5. Qb3 Qc8 6. Bb5+ Bd7 7. Nc3 e6 8.
Be2 Nc6 9. d4 Bd6 10. e4 dxe4 11. Nxe4 Bb4+ 12. Nc3 Nf6 13. O-O O-O 14. Rd1 a6
15. Bg5 Be7 16. Rac1 Na5 17. Qc2 h6 18. Bh4 Qd8 19. Ne5 Nd5 20. Nxd5 Bxh4 21.
Nxd7 exd5 22. Nxf8 Bg5 23. Qh7+ Kxf8 24. Re1 Bd2 25. Bh5 1-0

[Event "M.Botvinnik Memorial 2012"]
[Site "St. Petersburg, Russia"]
[Date "2012.08.26"]
[Round "2.80"]
[White "Dyakov, Vladislav"]
[Black "Ustinov, Alexey"]
[Result "0-1"]
[WhiteElo "1855"]
[BlackElo "2155"]
[PlyCount "142"]
[EventDate "2012.08.25"]

1. e4 c5 2. Nf3 d6 3. d4 cxd4 4. Nxd4 Nf6 5. Nc3 a6 6. Be2 e5 7. Nb3 Be6 8. Be3
Nbd7 9. Qd3 Rc8 10. Nd5 Bxd5 11. exd5 Nb6 12. Bf3 Be7 13. O-O O-O 14. Nd2 Nfd7
15. Bg4 Na4 16. f4 exf4 17. Bxf4 Rc7 18. Nc4 Nf6 19. Bf5 Rc5 20. b3 Rxd5 21.
Bxh7+ Kh8 22. Qh3 Rh5 23. Qg3 Rxh7 24. bxa4 Nh5 25. Qd3 Nxf4 26. Rxf4 b5 27.
axb5 axb5 28. Ne3 Bf6 29. Rb1 Be5 30. Rf3 Bxh2+ 31. Kf2 Be5 32. Rxb5 Qh4+ 33.
Ke2 Qa4 34. Rxf7 Re8 35. Qb3 Qa6 36. Kd2 Rh2 37. Rb8 Qa5+ 38. Qb4 Bc3+ 39. Kxc3
Qe5+ 40. Kb3 Qe6+ 41. Kb2 Qxf7 42. Rxe8+ Qxe8 43. Qxd6 Rh6 44. Qd3 Rb6+ 45. Kc1
Re6 46. Nf5 Re1+ 47. Kd2 Rh1 48. Ne3 Qa8 49. a3 Ra1 50. Qd4 Qa5+ 51. c3 Ra2+
52. Ke1 Qg5 53. a4 Qg3+ 54. Kd1 Qf2 55. Qd8+ Kh7 56. Qd3+ Kg8 57. Qd8+ Qf8 58.
Qd5+ Qf7 59. Qd8+ Kh7 60. Qh4+ Kg6 61. Qe4+ Kh6 62. Qc6+ Qg6 63. Ng4+ Kh7 64.
Qxg6+ Kxg6 65. Ne3 Kg5 66. Nc2 Kg4 67. a5 Kg3 68. a6 Rxa6 69. Kd2 Kxg2 70. Ne3+
Kf3 71. Kd3 Rd6+ 0-1

[Event "M.Botvinnik Memorial 2012"]
[Site "St. Petersburg, Russia"]
[Date "2012.08.26"]
[Round "2.81"]
[White "Kukhmazov, Arsen"]
[Black "Timirev, Sergey"]
[Result "1-0"]
[WhiteElo "2154"]
[BlackElo "1848"]
[PlyCount "59"]
[EventDate "2012.08.25"]

1. d4 Nf6 2. c4 c5 3. d5 e6 4. Nc3 exd5 5. cxd5 d6 6. Nf3 g6 7. Bf4 a6 8. e4
Bg7 9. Qa4+ Bd7 10. Qb3 Bc8 11. Bxd6 Qxd6 12. e5 Qe7 13. d6 Be6 14. dxe7 Bxb3
15. exf6 Bxf6 16. axb3 Bxe7 17. Nd5 Bd8 18. Bb5+ Kf8 19. O-O Kg7 20. Ne5 f6 21.
Nd3 Nc6 22. Nxc5 Ne7 23. Ne6+ Kf7 24. Ndc7 Bxc7 25. Nxc7 Rac8 26. Bc4+ Kg7 27.
Ne6+ Kh6 28. Rad1 Nc6 29. Rd3 Ne5 30. Rh3# 1-0

[Event "M.Botvinnik Memorial 2012"]
[Site "St. Petersburg, Russia"]
[Date "2012.08.26"]
[Round "2.82"]
[White "Aleksandrov, Grigoriy"]
[Black "Vardanian, Hamazasp"]
[Result "1/2-1/2"]
[WhiteElo "1845"]
[BlackElo "2153"]
[PlyCount "80"]
[EventDate "2012.08.25"]

1. d4 d5 2. Nf3 Nf6 3. c4 c6 4. e3 Bf5 5. Nc3 e6 6. Bd3 Bxd3 7. Qxd3 Nbd7 8.
O-O Bd6 9. e4 dxe4 10. Nxe4 Nxe4 11. Qxe4 Nf6 12. Qd3 Qc7 13. h3 O-O 14. Be3
Rfd8 15. Qc2 Rac8 16. Rad1 c5 17. b3 a6 18. dxc5 Bxc5 19. Bxc5 Qxc5 20. Rxd8+
Rxd8 21. Rd1 Rxd1+ 22. Qxd1 g6 23. Qd4 Qxd4 24. Nxd4 Kf8 25. Kf1 Ke7 26. Ke2
Kd6 27. Kd3 e5 28. Nc2 Nh5 29. g3 Ng7 30. Ne3 Ne6 31. b4 f5 32. c5+ Kc6 33. Kc4
Ng5 34. h4 Ne4 35. Nd1 Nd2+ 36. Kc3 Ne4+ 37. Kc4 Nd2+ 38. Kc3 Ne4+ 39. Kc4 Nd2+
40. Kc3 Ne4+ 1/2-1/2

[Event "M.Botvinnik Memorial 2012"]
[Site "St. Petersburg, Russia"]
[Date "2012.08.26"]
[Round "2.83"]
[White "Pogosian, Vladimir"]
[Black "Klevets, Ksenia"]
[Result "1-0"]
[WhiteElo "2150"]
[BlackElo "1831"]
[PlyCount "87"]
[EventDate "2012.08.25"]

1. c4 e5 2. g3 Nf6 3. Bg2 d5 4. cxd5 Nxd5 5. Nc3 Nb6 6. d3 Nc6 7. h4 Be7 8. a4
a5 9. Be3 Be6 10. h5 h6 11. Bxc6+ bxc6 12. Nf3 Bf6 13. Ne4 O-O 14. Kf1 Nd5 15.
Bc5 Re8 16. Nxf6+ Nxf6 17. d4 exd4 18. Qxd4 Bd5 19. Rh4 Qd7 20. Nd2 Qf5 21. f3
Rad8 22. Qc3 Qg5 23. e4 Bc4+ 24. Qxc4 Rxd2 25. Bf2 Nxh5 26. Rg4 Qf6 27. Qc3
Qxc3 28. bxc3 Rd3 29. Rh4 Nf6 30. Rc1 Red8 31. Rf4 Rd1+ 32. Rxd1 Rxd1+ 33. Ke2
Ra1 34. e5 Nd5 35. Rc4 Ra2+ 36. Kf1 Nb6 37. Rxc6 Nxa4 38. Rxc7 Nb2 39. Bd4 g5
40. f4 gxf4 41. gxf4 Nd3 42. f5 Nf4 43. Rc8+ Kh7 44. e6 1-0

[Event "M.Botvinnik Memorial 2012"]
[Site "St. Petersburg, Russia"]
[Date "2012.08.26"]
[Round "2.84"]
[White "Egorov, Daniil"]
[Black "Schroer, Marcel"]
[Result "0-1"]
[WhiteElo "1824"]
[BlackElo "2143"]
[PlyCount "112"]
[EventDate "2012.08.25"]

1. e4 c6 2. d4 d5 3. exd5 cxd5 4. Bd3 Nc6 5. c3 Nf6 6. h3 g6 7. Nf3 Bg7 8. O-O
O-O 9. Re1 Bf5 10. Bxf5 gxf5 11. Ne5 Nxe5 12. dxe5 Ne4 13. Be3 e6 14. f3 Ng3
15. Kh2 Qh4 16. Bf2 f4 17. Kg1 Qg5 18. Bxg3 Qxg3 19. Na3 Qg5 20. Qe2 a6 21. Nc2
Kh8 22. Nb4 Rg8 23. Nd3 Rad8 24. Nc5 Rb8 25. Rad1 Qe7 26. Nd3 Bh6 27. Qf2 Rbc8
28. Kh1 Bg5 29. Qb6 Bh4 30. Re2 Bg3 31. Qb4 Qxb4 32. Nxb4 Rc4 33. Kg1 Rgc8 34.
Red2 a5 35. Nc2 Kg7 36. Nd4 R8c5 37. Ne2 Rc8 38. Rd4 b5 39. Kf1 Kg6 40. Nxg3
fxg3 41. Ke2 b4 42. cxb4 axb4 43. f4 Ra8 44. Rxc4 dxc4 45. Ra1 Kf5 46. Ke3 Rd8
47. a4 Rd3+ 48. Ke2 Rb3 49. Ra2 c3 50. bxc3 Ra3 51. Rc2 b3 52. Rc1 Ke4 53. Rb1
Ra2+ 54. Kf1 Kd3 55. a5 Rxa5 56. Re1 b2 0-1

[Event "M.Botvinnik Memorial 2012"]
[Site "St. Petersburg, Russia"]
[Date "2012.08.26"]
[Round "2.85"]
[White "Eryshkanova, Anastasiya"]
[Black "Kosov, Igor"]
[Result "1-0"]
[WhiteElo "2142"]
[BlackElo "1807"]
[PlyCount "71"]
[EventDate "2012.08.25"]

1. e4 e5 2. Nf3 Nc6 3. d4 exd4 4. Nxd4 Nf6 5. Nc3 Bb4 6. Nxc6 bxc6 7. Bd3 O-O
8. O-O h6 9. e5 Bxc3 10. bxc3 Nd5 11. c4 Ne7 12. c5 Ng6 13. Qh5 Qe8 14. Re1 d5
15. cxd6 cxd6 16. Ba3 dxe5 17. Bxf8 Nxf8 18. Rxe5 Be6 19. Rae1 Qd7 20. Ra5 Rb8
21. Qc5 Bd5 22. Rxa7 Qg4 23. Bf1 Ne6 24. Qc3 Nf4 25. Qg3 Qf5 26. c4 Be6 27. Qc3
Qg4 28. h3 Qg5 29. Qg3 Qf5 30. Rxe6 Qxe6 31. Qxf4 Rb1 32. g3 g5 33. Ra8+ Kh7
34. Qf3 Qxc4 35. Qf5+ Kg7 36. Qxb1 1-0

[Event "M.Botvinnik Memorial 2012"]
[Site "St. Petersburg, Russia"]
[Date "2012.08.26"]
[Round "2.86"]
[White "Radkov, Bazhen D"]
[Black "Aminov, Andrey"]
[Result "0-1"]
[WhiteElo "1805"]
[BlackElo "2142"]
[PlyCount "94"]
[EventDate "2012.08.25"]

1. d4 d6 2. c4 g6 3. Nc3 Nf6 4. e4 Bg7 5. f4 O-O 6. Nf3 c5 7. d5 e6 8. Be2 exd5
9. cxd5 Re8 10. e5 dxe5 11. fxe5 Ng4 12. Bg5 Qb6 13. O-O Nxe5 14. d6 Be6 15.
Nxe5 Bxe5 16. Nd5 Qxd6 17. Nf6+ Kf8 18. Nxe8 Kxe8 19. Qxd6 Bxd6 20. Rad1 Be7
21. Bxe7 Kxe7 22. Bf3 Nd7 23. b3 Rb8 24. Bd5 Nf8 25. Rfe1 b6 26. Rd3 h5 27.
Red1 Bxd5 28. Rxd5 Rb7 29. a4 a5 30. Kf2 Ne6 31. Ke3 Nd4 32. Rd3 Rb8 33. Kd2
Ke6 34. Rg5 Nf5 35. g4 Kf6 36. Rxf5+ gxf5 37. gxf5 Kxf5 38. Rd5+ Kg4 39. h3+
Kh4 40. Ke3 Re8+ 41. Kd3 Re6 42. Kd2 Re4 43. Rf5 Rb4 44. Kc3 Kxh3 45. Rxh5+ Kg4
46. Rh1 f5 47. Rg1+ Kf4 0-1

[Event "M.Botvinnik Memorial 2012"]
[Site "St. Petersburg, Russia"]
[Date "2012.08.26"]
[Round "2.87"]
[White "Andronov, Mikhail G"]
[Black "Popov, Alexei"]
[Result "1-0"]
[WhiteElo "2139"]
[BlackElo "1797"]
[PlyCount "109"]
[EventDate "2012.08.25"]

1. e4 e5 2. Bc4 Nc6 3. Nc3 Nf6 4. d3 Bc5 5. Nf3 h6 6. O-O d6 7. Na4 Bg4 8. Nxc5
dxc5 9. Bb5 Qd6 10. Bxc6+ bxc6 11. h3 Bh5 12. b3 Rd8 13. Bb2 Qe6 14. Qe2 g5 15.
Qe3 Nd7 16. Nd2 g4 17. hxg4 Bxg4 18. f4 h5 19. Nc4 Rg8 20. Rf2 f6 21. fxe5 fxe5
22. Ba3 Rg6 23. Bxc5 Nf6 24. Raf1 Rd7 25. Qg3 Rdg7 26. Qxe5 Rg5 27. Qxe6+ Bxe6
28. Bd4 Ng4 29. Rf8+ Ke7 30. Bxg7 Rxg7 31. R8f3 Rg5 32. d4 a5 33. Ne3 Nxe3 34.
Rxe3 h4 35. Kh2 a4 36. c4 axb3 37. axb3 Bg8 38. Rf4 Rh5 39. Rh3 c5 40. d5 Rh6
41. Rhxh4 Rb6 42. Rhg4 Rh6+ 43. Kg3 Bh7 44. e5 Rg6 45. Rxg6 Bxg6 46. Rf6 Bc2
47. Rc6 Kd8 48. Rxc5 Bxb3 49. Kf4 Bc2 50. Kg5 Ba4 51. Kf6 Kd7 52. Ra5 Bb3 53.
e6+ Kc8 54. e7 Kd7 55. Kf7 1-0

[Event "M.Botvinnik Memorial 2012"]
[Site "St. Petersburg, Russia"]
[Date "2012.08.26"]
[Round "2.88"]
[White "Zizlova, Sofia"]
[Black "Ladzin, Ivan"]
[Result "1-0"]
[WhiteElo "2135"]
[BlackElo "1791"]
[PlyCount "73"]
[EventDate "2012.08.25"]

1. e4 c5 2. Nf3 Nc6 3. Bb5 e6 4. O-O Qc7 5. Re1 Nf6 6. c3 Be7 7. d4 cxd4 8.
cxd4 d5 9. e5 Nd7 10. Nc3 O-O 11. Bf4 Qd8 12. Bg3 f6 13. exf6 Nxf6 14. Ng5 Ne4
15. Ngxe4 dxe4 16. d5 exd5 17. Qxd5+ Qxd5 18. Nxd5 Bf6 19. Nxf6+ Rxf6 20. Rxe4
Bf5 21. Bc4+ Kh8 22. Re3 h6 23. Rae1 Rff8 24. a3 Rad8 25. h3 Rd2 26. Re8 Rxe8
27. Rxe8+ Kh7 28. b4 Rc2 29. Bg8+ Kg6 30. Re3 Kf6 31. b5 Ne7 32. Be5+ Kg6 33.
Rg3+ Kh5 34. Rxg7 Ng6 35. g4+ Kh4 36. gxf5 Kxh3 37. Rc7 1-0

[Event "M.Botvinnik Memorial 2012"]
[Site "St. Petersburg, Russia"]
[Date "2012.08.26"]
[Round "2.89"]
[White "Molchanov, Alexander"]
[Black "Kuzmin, Egor"]
[Result "0-1"]
[WhiteElo "1783"]
[BlackElo "2134"]
[PlyCount "132"]
[EventDate "2012.08.25"]

1. e4 c5 2. Nf3 d6 3. d4 cxd4 4. Nxd4 Nf6 5. Nc3 Nc6 6. Be2 e5 7. Ndb5 a6 8.
Na3 b5 9. Nd5 Nxd5 10. Qxd5 Qc7 11. c3 Be7 12. O-O O-O 13. f4 Be6 14. Qd1 exf4
15. Bxf4 Ne5 16. Nc2 Nc4 17. Qe1 Qc5+ 18. Kh1 Bg5 19. Nd4 Bxf4 20. Rxf4 Qg5 21.
Qc1 Qc5 22. Bxc4 Bxc4 23. Qe3 Rae8 24. Nf5 Be6 25. Nd4 d5 26. Re1 Bd7 27. Nf3
Qc7 28. e5 h6 29. Qd4 Be6 30. a3 Re7 31. Rh4 Rfe8 32. Kg1 Bc8 33. Kf2 Qc6 34.
Rf4 Bb7 35. Nh4 Bc8 36. Nf3 Re6 37. h3 Qd7 38. g4 R6e7 39. Kf1 Bb7 40. Kf2 Rc8
41. Nd2 Qe6 42. Rf3 Rd7 43. Rfe3 h5 44. Kg3 hxg4 45. hxg4 Rc6 46. Rh1 Rc4 47.
Nxc4 dxc4 48. Qc5 Bxh1 49. Kh2 Qh6+ 50. Kg3 Qxe3+ 51. Qxe3 Rd3 52. Kf2 Rxe3 53.
Kxe3 f6 54. exf6 gxf6 55. Kd4 Bf3 56. Kc5 Bxg4 57. a4 f5 58. axb5 axb5 59. Kd4
f4 60. Ke4 f3 61. Ke3 Kf7 62. Kf2 Kf6 63. Kg1 Kf5 64. Kf1 Kf4 65. Kf2 Bh3 66.
Kg1 Kg3 0-1

[Event "M.Botvinnik Memorial 2012"]
[Site "St. Petersburg, Russia"]
[Date "2012.08.26"]
[Round "2.90"]
[White "Tkachev, Ivan"]
[Black "Rybakova, Polina"]
[Result "1-0"]
[WhiteElo "2117"]
[BlackElo "1781"]
[PlyCount "113"]
[EventDate "2012.08.25"]

1. d4 Nf6 2. Bg5 e6 3. Nf3 Be7 4. e3 d6 5. c4 Nbd7 6. Nc3 e5 7. Qc2 c6 8. Bd3
Qc7 9. O-O h6 10. Bh4 O-O 11. Rac1 a6 12. a4 Re8 13. Be2 Nf8 14. c5 exd4 15.
cxd6 Bxd6 16. Bxf6 dxc3 17. Bxc3 Ng6 18. h3 Qe7 19. Rfd1 Bc7 20. Bd4 Nh4 21.
Qc3 Nxf3+ 22. Bxf3 Qg5 23. Kf1 Be6 24. Qb4 Rab8 25. Qa3 Rbd8 26. b4 Bd5 27.
Bxd5 Rxd5 28. Qc3 Red8 29. Rc2 Be5 30. Rcd2 Bxd4 31. Rxd4 Qh5 32. f3 Qg5 33.
Kf2 Kf8 34. a5 h5 35. h4 Qe7 36. g3 Rxd4 37. Rxd4 Rxd4 38. Qxd4 f6 39. e4 g6
40. Qc5 Qxc5+ 41. bxc5 Ke7 42. g4 Ke6 43. gxh5 gxh5 44. f4 Ke7 45. f5 Kf7 46.
Kf3 Ke7 47. Kf4 Kf7 48. e5 Ke7 49. exf6+ Kxf6 50. Ke4 Kf7 51. Ke5 Ke7 52. f6+
Kf7 53. Kf5 Kf8 54. Kg6 Kg8 55. f7+ Kf8 56. Kf6 b5 57. axb6 1-0

[Event "M.Botvinnik Memorial 2012"]
[Site "St. Petersburg, Russia"]
[Date "2012.08.26"]
[Round "2.91"]
[White "Lyazhkov, Sergey"]
[Black "Yakupova, Aysyla"]
[Result "0-1"]
[WhiteElo "1769"]
[BlackElo "2116"]
[PlyCount "110"]
[EventDate "2012.08.25"]

1. Nf3 d5 2. c4 e6 3. g3 f5 4. b3 Nf6 5. Bg2 Bd6 6. d4 c6 7. O-O O-O 8. Bb2
Nbd7 9. Nbd2 Qe8 10. Ne5 g5 11. e3 g4 12. Rc1 Ne4 13. Nxe4 dxe4 14. Nxd7 Bxd7
15. d5 cxd5 16. cxd5 e5 17. Re1 Rf6 18. h3 gxh3 19. Bxh3 Rh6 20. Bf1 Qe7 21.
Bc4 Qg5 22. a3 Re8 23. Rc3 f4 24. exf4 exf4 25. Bc1 e3 26. Bxe3 fxe3 27. Rcxe3
Rxe3 28. Rxe3 Rf6 29. Qd2 Bf4 30. Qa5 b6 31. d6+ Kf8 32. Qxg5 Bxg5 33. f4 Bh6
34. Re7 Rxd6 35. Rf7+ Ke8 36. Rxh7 b5 37. Bxb5 Bxb5 38. Rxa7 Bf8 39. Ra8+ Kf7
40. Ra7+ Kg6 41. b4 Rd2 42. Ra5 Bc4 43. Rg5+ Kh6 44. Ra5 Bg7 45. g4 Bd4+ 46.
Kh1 Bb6 47. Rh5+ Kg7 48. Rg5+ Kf7 49. Rf5+ Ke7 50. Re5+ Kd6 51. a4 Bd5+ 52.
Rxd5+ Kxd5 53. a5 Bd4 54. b5 Ke4 55. g5 Kxf4 0-1

[Event "M.Botvinnik Memorial 2012"]
[Site "St. Petersburg, Russia"]
[Date "2012.08.26"]
[Round "2.92"]
[White "Emdin, Mark"]
[Black "Tarakanova, Valeria"]
[Result "1-0"]
[WhiteElo "2109"]
[BlackElo "1767"]
[PlyCount "73"]
[EventDate "2012.08.25"]

1. d4 c5 2. d5 Nf6 3. g3 g6 4. Bg2 Bg7 5. e4 d6 6. Ne2 b5 7. O-O a5 8. h3 Bd7
9. f4 O-O 10. Nd2 a4 11. Rb1 Na6 12. e5 Ne8 13. Nf3 Nec7 14. g4 b4 15. Ng3 Nb5
16. Re1 Qc8 17. Ng5 Be8 18. e6 Ra7 19. exf7+ Bxf7 20. f5 Be5 21. Rxe5 dxe5 22.
Nxf7 Rxf7 23. fxg6 hxg6 24. Qd3 c4 25. Qxg6+ Rg7 26. Qe4 Nd4 27. Qxe5 Nxc2 28.
Nf5 Rh7 29. Nh6+ Kf8 30. Qe4 Qc5+ 31. Kh1 Qf2 32. Bg5 Rxh6 33. Bxh6+ Ke8 34.
Rf1 Qh4 35. Rf8+ Kd7 36. Qe6+ Kc7 37. Rc8+ 1-0

[Event "M.Botvinnik Memorial 2012"]
[Site "St. Petersburg, Russia"]
[Date "2012.08.26"]
[Round "2.93"]
[White "Lysukha, Nikita"]
[Black "Poltoratsky, Daniil"]
[Result "0-1"]
[WhiteElo "1759"]
[BlackElo "2109"]
[PlyCount "78"]
[EventDate "2012.08.25"]

1. d4 e5 2. dxe5 Nc6 3. Nf3 Qe7 4. Bf4 Qb4+ 5. Bd2 Qxb2 6. Nc3 Nb4 7. Nd4 c6 8.
Rb1 Qa3 9. Rb3 Qa5 10. a3 Na6 11. Nf3 d5 12. exd6 Bxd6 13. Ne4 Qc7 14. Nxd6+
Qxd6 15. Rd3 Qc7 16. g3 Nc5 17. Re3+ Ne7 18. Bb4 b6 19. Bg2 O-O 20. Bxc5 bxc5
21. c4 Be6 22. Qa4 Nf5 23. Rc3 Rab8 24. O-O Nd4 25. Re1 Rb2 26. Nxd4 cxd4 27.
Rb3 Rxb3 28. Qxb3 Rb8 29. Qd3 c5 30. e3 Rd8 31. exd4 Rxd4 32. Qf3 h6 33. Re4
Rd2 34. Bf1 Qd7 35. Re3 Rd4 36. Rc3 Bf5 37. Qe2 Rd1 38. f4 Bg4 39. Qf2 Bh3 0-1

[Event "M.Botvinnik Memorial 2012"]
[Site "St. Petersburg, Russia"]
[Date "2012.08.26"]
[Round "2.94"]
[White "Ivanov, Sergei V"]
[Black "Kholova, Elena"]
[Result "1-0"]
[WhiteElo "2108"]
[BlackElo "1753"]
[PlyCount "85"]
[EventDate "2012.08.25"]

1. Nf3 Nf6 2. g3 g6 3. Bg2 Bg7 4. O-O d6 5. d4 O-O 6. c4 Nbd7 7. Nc3 Nh5 8. e4
e5 9. d5 a5 10. Be3 Nc5 11. a3 f5 12. exf5 Bxf5 13. Bxc5 dxc5 14. Re1 e4 15.
Nd2 Qf6 16. Bxe4 Bg4 17. f3 Bh3 18. Kh1 Qg5 19. Ne2 Bxb2 20. Ra2 Be5 21. Rg1
Rae8 22. f4 Bxf4 23. gxf4 Qh4 24. Qe1 Qxe1 25. Rxe1 Nxf4 26. Ng3 Nd3 27. Re3
Nf2+ 28. Kg1 Ng4 29. Re2 b6 30. Ndf1 Rf4 31. d6 cxd6 32. Bd5+ Kf8 33. Rxe8+
Kxe8 34. Re2+ Kd8 35. Nd2 Ne5 36. Re4 Rf8 37. Rh4 Bg4 38. Rxh7 Nf3+ 39. Nxf3
Bxf3 40. Ne4 Bxe4 41. Bxe4 Rf4 42. Bd5 Rd4 43. a4 1-0

[Event "M.Botvinnik Memorial 2012"]
[Site "St. Petersburg, Russia"]
[Date "2012.08.26"]
[Round "2.95"]
[White "Shemenko, Georgy"]
[Black "Pershin, Denis"]
[Result "1-0"]
[WhiteElo "1746"]
[BlackElo "2103"]
[PlyCount "71"]
[EventDate "2012.08.25"]

1. e4 c5 2. Nf3 d6 3. c3 Nf6 4. Be2 Nc6 5. d4 cxd4 6. cxd4 Nxe4 7. d5 Qa5+ 8.
Nc3 Nxc3 9. bxc3 Ne5 10. Nxe5 dxe5 11. Qb3 Qc7 12. O-O g6 13. Ba3 Qb6 14. Bb5+
Kd8 15. Qa4 Bf5 16. Bb4 Bc2 17. Qxc2 Qxb5 18. Rab1 Qd7 19. Qe4 Qf5 20. Qe3 b6
21. a4 h5 22. a5 Bh6 23. Qe2 Ke8 24. d6 Kf8 25. dxe7+ Kg7 26. axb6 axb6 27. Bd6
f6 28. Rxb6 Rhe8 29. c4 h4 30. h3 Bf4 31. Qg4 Qd3 32. Qe6 Bh2+ 33. Kxh2 Qxf1
34. Bxe5 Qxf2 35. Bxf6+ Kh6 36. Bg7+ 1-0

[Event "M.Botvinnik Memorial 2012"]
[Site "St. Petersburg, Russia"]
[Date "2012.08.26"]
[Round "2.96"]
[White "Rupel, David G"]
[Black "Kokhnover, Ilya"]
[Result "1/2-1/2"]
[WhiteElo "2100"]
[BlackElo "1743"]
[PlyCount "80"]
[EventDate "2012.08.25"]

1. d4 Nf6 2. c4 e6 3. Nc3 Bb4 4. e3 O-O 5. Nge2 d5 6. a3 Bxc3+ 7. Nxc3 c5 8.
dxc5 a5 9. Na4 Nbd7 10. b4 axb4 11. axb4 Ne5 12. Bb2 Nxc4 13. Bxc4 dxc4 14.
Qxd8 Rxd8 15. Nb6 Rxa1+ 16. Bxa1 Nd5 17. Nxc4 Nxb4 18. Ke2 Na6 19. Bd4 Bd7 20.
Rb1 Bc6 21. Nd6 Rd7 22. f4 f6 23. e4 h6 24. e5 f5 25. g3 Kh7 26. Rb2 Kg8 27.
Be3 Kh7 28. Kd3 Bd5 29. Ke2 Kg8 30. Kf2 Bc6 31. Rb6 Rc7 32. h3 h5 33. Rb1 Kf8
34. Nb5 Rd7 35. Nd6 Rc7 36. Bd4 Kg8 37. Rc1 Kf8 38. Rg1 Bd5 39. g4 hxg4 40.
hxg4 fxg4 1/2-1/2